000
00313nam a2200121Ia 4500
008
190216s9999||||xx |||||||||||||| ||und||
100
_a
Sony Pl & Dharmarha
245
0
_a
Text Book Of Physical Chemistry
260
_b
Sulthan Chand&Sons
_c
1999
300
_a
2191p
650
_a
Chemistry-Chemistry
942
_c
BK
999
_c
2269
_d
2269